| 000 | 00699nam a2200181Ia 4500 | ||
|---|---|---|---|
| 008 | 090123s9999 xx 000 0 und d | ||
| 082 |
_b6620 _a891.463/काकोड |
||
| 100 | _aकाकोडकर चंद्रकांत कल्याणदास | ||
| 245 | _aआग आणि पाणी | ||
| 250 | _a1 | ||
| 260 | _bरम्चकथा ग्रंथमाला | ||
| 300 | _a135 | ||
| 600 | _aकाकोडकर चंद्रकांत कल्याणदास | ||
| 630 | _aआग आणि पाणी | ||
| 700 | _aकाकोडकर चंद्रकांत कल्याणदास | ||
| 730 | _aआग आणि पाणी | ||
| 942 | _cBOOK | ||
| 999 |
_c44685 _d44685 |
||